[Event "XXXIV Festival A"]
[Site "Arco ITA"]
[Date "2012.10.19"]
[Round "7"]
[White "Vaccari, Giorgio"]
[Black "Moratto, Davide"]
[WhiteElo "1671"]
[BlackElo "1854"]
[Result "1/2-1/2"]
[PlyCount "65"]
[EventDate "2012.10.13"]

1. e4 b6 2. Nc3 Bb7 3. Nf3 e6 4. d4 d5 5. exd5 exd5 6. Bb5+ c6 7. Qe2+ Be7 8.
Bd3 Nf6 9. O-O O-O 10. Re1 Re8 11. Qd1 Nbd7 12. Bf4 Bb4 13. Rxe8+ Qxe8 14. Ne2
Ne4 15. c3 Bf8 16. Nd2 f5 17. f3 Nxd2 18. Qxd2 g6 19. Re1 Qf7 20. Ng3 Re8 21.
Rxe8 Qxe8 22. Qe2 Qxe2 23. Bxe2 Kf7 24. Kf2 a6 25. Nf1 h5 26. Be3 b5 27. Nd2 a5
28. Nb1 a4 29. b4 Nb6 30. a3 Kf6 31. g3 g5 32. f4 g4 33. Nd2 1/2-1/2

[Event "XXXIV Festival A"]
[Site "Arco ITA"]
[Date "2012.10.19"]
[Round "7"]
[White "Valenti, Giuseppe"]
[Black "Vezzosi, Paolo"]
[WhiteElo "2162"]
[BlackElo "2308"]
[Result "1/2-1/2"]
[PlyCount "90"]
[EventDate "2012.10.13"]

1. e4 c5 2. Nf3 d6 3. d4 cxd4 4. Nxd4 Nf6 5. Nc3 Bd7 6. Bc4 Nc6 7. O-O e6 8.
Kh1 Be7 9. f4 Nxd4 10. Qxd4 Bc6 11. f5 e5 12. Qd3 O-O 13. Bg5 Ne8 14. Be3 Nc7
15. Rad1 Qd7 16. f6 Bxf6 17. Qxd6 Qxd6 18. Rxd6 Rfc8 19. a3 Ne8 20. Rd2 Bxe4
21. Bxf7+ Kxf7 22. Nxe4 b6 23. c3 Rd8 24. Rfd1 Rxd2 25. Rxd2 Ke6 26. Kg1 Rc8
27. Kf2 Be7 28. h3 Rc6 29. Kf3 h6 30. g4 Bh4 31. b3 Rc7 32. c4 Be7 33. a4 Bh4
34. Rd1 Rf7+ 35. Ke2 Rc7 36. Kf3 Be7 37. Rd5 Rc8 38. Bd2 Nc7 39. Rd3 Na6 40.
Be3 Nb4 41. Rd2 Na6 42. Rd5 Nc7 43. Rd3 Na6 44. Rd5 Nc7 45. Rd3 Na6 1/2-1/2

[Event "XXXIV Festival A"]
[Site "Arco ITA"]
[Date "2012.10.19"]
[Round "7"]
[White "Zangrando, Gianpietro"]
[Black "Catalfamo, Santo"]
[WhiteElo "1800"]
[BlackElo "1762"]
[Result "0-1"]
[PlyCount "90"]
[EventDate "2012.10.13"]

1. Nf3 Nf6 2. c4 g6 3. Nc3 Bg7 4. e4 d6 5. d4 O-O 6. Be2 Re8 7. O-O e5 8. dxe5
dxe5 9. Qc2 c6 10. Rd1 Qc7 11. Bg5 h6 12. Be3 Be6 13. Bc5 Bf8 14. Bxf8 Rxf8 15.
Rd2 Nbd7 16. Rad1 Rfd8 17. h3 Kg7 18. b4 a6 19. a4 Rdc8 20. a5 Nh5 21. Rd6 Nhf6
22. c5 Ne8 23. R6d2 Ndf6 24. Na4 Rd8 25. Rxd8 Rxd8 26. Rxd8 Qxd8 27. Nxe5 Qd4
28. Qc3 Qxe4 29. Bd3 Qh4 30. Nf3 Qf4 31. Bf1 Kh7 32. g3 Qc7 33. Qd4 Nd5 34. Nb6
Ng7 35. Nxd5 Bxd5 36. Nh4 Qe7 37. Ng2 Nf5 38. Qd2 Qe4 39. Kh2 Nd4 40. Qb2 Nf3+
41. Kh1 Ne1 42. f4 Qf3 43. Qe2 Qxg3 44. Qg4 Qf2 45. Be2 Bxg2+ 0-1

[Event "XXXIV Festival A"]
[Site "Arco ITA"]
[Date "2012.10.19"]
[Round "7"]
[White "Zanin, Luca"]
[Black "Ludwig, Timm"]
[WhiteElo "1615"]
[BlackElo "1688"]
[Result "1-0"]
[PlyCount "45"]
[EventDate "2012.10.13"]

1. d4 d5 2. Nf3 Nf6 3. e3 g6 4. Bd3 Bg7 5. Nbd2 O-O 6. c3 Nbd7 7. O-O c5 8. Re1
cxd4 9. cxd4 Nb6 10. b3 Re8 11. Bb2 Bf5 12. Bxf5 gxf5 13. Ne5 Nbd7 14. f4 Nxe5
15. fxe5 Ne4 16. Rf1 e6 17. Rf3 Ng5 18. Rg3 f6 19. Qh5 Qe7 20. exf6 Qxf6 21.
Qxg5 Qxg5 22. Rxg5 Rac8 23. Nf1 1-0

[Event "XXXIV Festival A"]
[Site "Arco ITA"]
[Date "2012.10.20"]
[Round "8"]
[White "Aigner, Georg"]
[Black "Roversi, Stefano"]
[WhiteElo "1989"]
[BlackElo "1767"]
[Result "1-0"]
[PlyCount "97"]
[EventDate "2012.10.13"]

1. e4 c5 2. Nf3 Nc6 3. d4 cxd4 4. Nxd4 a6 5. Nc3 e6 6. Be2 Nge7 7. O-O Nxd4 8.
Qxd4 Nc6 9. Qd1 b5 10. Bd3 Ne5 11. Ne2 Bb7 12. Ng3 Qh4 13. Qh5 Qxh5 14. Nxh5 d5
15. exd5 Nxd3 16. cxd3 Bxd5 17. d4 Rc8 18. Be3 Be7 19. Nxg7+ Kd7 20. Nh5 Rhg8
21. Nf4 Bb7 22. Rac1 Rxc1 23. Rxc1 Bd6 24. g3 Bf3 25. Nd3 Bd5 26. b3 Ba3 27.
Rc3 Bd6 28. Bf4 Be4 29. Bxd6 Bxd3 30. Rxd3 Kxd6 31. Kg2 Rc8 32. Rd2 Rc3 33. Kh3
Kd5 34. Kg4 a5 35. Kg5 a4 36. bxa4 bxa4 37. Kh6 a3 38. Kxh7 Rc1 39. Rd3 Rh1 40.
h4 Rf1 41. f3 Rg1 42. g4 Kc4 43. Rxa3 Kxd4 44. Kg7 f5 45. g5 Rh1 46. g6 f4 47.
Kf6 Rxh4 48. g7 Rh6+ 49. Kf7 1-0

[Event "XXXIV Festival A"]
[Site "Arco ITA"]
[Date "2012.10.20"]
[Round "8"]
[White "Albano, Marco"]
[Black "Dittmar, Peter"]
[WhiteElo "2226"]
[BlackElo "2329"]
[Result "0-1"]
[PlyCount "116"]
[EventDate "2012.10.13"]

1. d4 Nf6 2. Nf3 e6 3. Bf4 c5 4. c3 b6 5. e3 Bb7 6. Nbd2 Be7 7. h3 O-O 8. Bd3
d6 9. O-O cxd4 10. exd4 Nbd7 11. Qe2 Qc7 12. Rfe1 Rfe8 13. Bb5 a6 14. Ba4 b5
15. Bb3 Bd5 16. Bxd5 Nxd5 17. Bg5 Bxg5 18. Nxg5 N7f6 19. Nde4 Nxe4 20. Qxe4 Nf6
21. Qf3 d5 22. h4 Rab8 23. a3 a5 24. Re3 b4 25. axb4 axb4 26. Nh3 Ne4 27. g4
bxc3 28. bxc3 Rb2 29. g5 Reb8 30. Kg2 Rb1 31. Rxb1 Rxb1 32. Qf4 Qxf4 33. Nxf4
Rc1 34. Ne2 Rc2 35. Kf1 g6 36. Ke1 Ra2 37. Kf1 Nd2+ 38. Kg1 Nc4 39. Nc1 Rc2 40.
Re1 Rxc3 41. Ne2 Rh3 42. Ra1 Rxh4 43. f3 Rh5 44. f4 Rh3 45. Ra7 Ra3 46. Rb7 Rd3
47. Kf2 Nd6 48. Rb4 Ne4+ 49. Kg2 Kg7 50. Rb7 Nd6 51. Rb4 Nf5 52. Kf2 h6 53.
gxh6+ Kxh6 54. Rb7 Kg7 55. Rb4 Kf6 56. Ke1 Ng3 57. Ng1 Nh5 58. Ne2 Rf3 0-1

[Event "XXXIV Festival A"]
[Site "Arco ITA"]
[Date "2012.10.20"]
[Round "8"]
[White "Antoniacci, Riccardo"]
[Black "Hilbenz, Guntram"]
[WhiteElo "1911"]
[BlackElo "1897"]
[Result "0-1"]
[PlyCount "111"]
[EventDate "2012.10.13"]

1. e4 d6 2. d4 Nf6 3. Nc3 e5 4. Bg5 Be7 5. Nf3 exd4 6. Qxd4 O-O 7. O-O-O Nc6 8.
Qd2 h6 9. Bf4 Ng4 10. Nd5 Bf6 11. h3 Nge5 12. Be3 a6 13. Nd4 Re8 14. f4 Ng6 15.
Nxf6+ Qxf6 16. Nxc6 bxc6 17. Bd3 Rb8 18. c3 Nf8 19. Bd4 Qe6 20. f5 Qxa2 21. f6
c5 22. fxg7 Ng6 23. Bb1 Qa1 24. Bf6 Be6 25. c4 Bxc4 26. Rde1 Ne5 27. Bxe5 Rxe5
28. Re3 Ba2 29. Qc2 Qxb1+ 30. Qxb1 Bxb1 31. Kxb1 Rbe8 32. Ra3 Rxe4 33. Rxa6
Re1+ 34. Rxe1 Rxe1+ 35. Ka2 Kxg7 36. Ra7 Re7 37. Kb3 Kf6 38. Kc4 Ke6 39. Ra8
Kd7 40. Rf8 Re4+ 41. Kd3 Rf4 42. Ke3 Rf6 43. g4 d5 44. h4 Ke7 45. Rc8 Rc6 46.
Kf4 d4 47. Ke4 Re6+ 48. Kd5 Rd6+ 49. Kxc5 d3 50. Rxc7+ Ke6 51. Rxf7 Kxf7 52.
Kxd6 d2 53. b4 d1=Q+ 54. Kc5 Qxg4 55. b5 Qxh4 56. b6 0-1

[Event "XXXIV Festival A"]
[Site "Arco ITA"]
[Date "2012.10.20"]
[Round "8"]
[White "Barlocco, Carlo"]
[Black "Roessner, Uwe"]
[WhiteElo "2086"]
[BlackElo "1892"]
[Result "1-0"]
[PlyCount "37"]
[EventDate "2012.10.13"]

1. e4 d6 2. d4 Nf6 3. Nc3 e5 4. Nf3 exd4 5. Nxd4 Be7 6. Be2 O-O 7. O-O a6 8.
Re1 b5 9. Bf4 c5 10. Nf5 Bxf5 11. exf5 Nc6 12. Bf3 Rc8 13. Bxc6 Rxc6 14. a4 b4
15. Nd5 Re8 16. Re3 Qd7 17. Rxe7 Qxe7 18. Nxe7+ Rxe7 19. Bg5 1-0

[Event "XXXIV Festival A"]
[Site "Arco ITA"]
[Date "2012.10.20"]
[Round "8"]
[White "Bergen, Klaus"]
[Black "Pretto, Aldo"]
[WhiteElo "1927"]
[BlackElo "1733"]
[Result "0-1"]
[PlyCount "80"]
[EventDate "2012.10.13"]

1. e4 d6 2. d4 Nf6 3. Nc3 g6 4. f4 Bg7 5. Nf3 O-O 6. Bd3 Na6 7. O-O Nb4 8. a3
Nxd3 9. Qxd3 c6 10. h3 b5 11. Be3 a5 12. b4 a4 13. Rad1 Ba6 14. f5 Qc7 15. Qd2
Rad8 16. Bh6 c5 17. Bxg7 Kxg7 18. Qe3 cxb4 19. axb4 Qc4 20. e5 Nd5 21. Nxd5
Qxd5 22. f6+ exf6 23. exf6+ Kxf6 24. Qh6 Ke7 25. Qxh7 Kd7 26. Qg7 Bb7 27. Rde1
Rde8 28. Qf6 Rxe1 29. Rxe1 Re8 30. Rxe8 Kxe8 31. Qh8+ Kd7 32. Qb8 a3 33. Qa7 a2
34. Kf2 Ke7 35. Kg3 Kf6 36. Kf2 Bc8 37. Qa3 Be6 38. Qb2 Ke7 39. Ke3 Qa8 40. Qa1
Qa3+ 0-1

[Event "XXXIV Festival A"]
[Site "Arco ITA"]
[Date "2012.10.20"]
[Round "8"]
[White "Bisignano, Giuseppe"]
[Black "Kern, Beat"]
[WhiteElo "1891"]
[BlackElo "1624"]
[Result "1-0"]
[PlyCount "91"]
[EventDate "2012.10.13"]

1. e4 c6 2. d4 d5 3. Nc3 dxe4 4. Nxe4 Bf5 5. Ng3 Bg6 6. Nf3 e6 7. Bc4 Nf6 8.
Qe2 Be7 9. c3 O-O 10. Ne5 Nd5 11. Nxg6 hxg6 12. Bd2 Nd7 13. O-O-O Bg5 14. Ne4
Bxd2+ 15. Qxd2 N7f6 16. Ng5 b5 17. Be2 Qa5 18. Kb1 Rab8 19. Ka1 Qb6 20. g4 a5
21. b3 c5 22. c4 bxc4 23. bxc4 Nb4 24. a3 Nc6 25. Rb1 Qa7 26. dxc5 Qxc5 27. Ka2
Nd4 28. Qe3 e5 29. h3 Rfc8 30. Nf3 Nd7 31. Rhd1 Nxe2 32. Qxe2 Rxb1 33. Rxb1 f6
34. Rc1 Nb6 35. Nd2 a4 36. Ne4 Qd4 37. c5 Qd5+ 38. Ka1 Qb3 39. Qa2 Qxa2+ 40.
Kxa2 Nd5 41. Nd6 Rc6 42. Rc4 Nf4 43. Ne4 f5 44. Ng5 Kf8 45. Rxa4 Rxc5 46. Rxf4
1-0

[Event "XXXIV Festival A"]
[Site "Arco ITA"]
[Date "2012.10.20"]
[Round "8"]
[White "Blasco, Domenico"]
[Black "Stap, Kees"]
[WhiteElo "1920"]
[BlackElo "2098"]
[Result "0-1"]
[PlyCount "116"]
[EventDate "2012.10.13"]

1. d4 d6 2. Nf3 Bg4 3. e3 Nd7 4. Be2 e5 5. c4 c6 6. Nc3 Ngf6 7. O-O Be7 8. b3
O-O 9. Bb2 Qc7 10. Rc1 Rfe8 11. Re1 a6 12. a3 Bf8 13. b4 Nb6 14. Qb3 Qe7 15. a4
Bxf3 16. dxe5 dxe5 17. Bxf3 Qxb4 18. Qxb4 Bxb4 19. c5 Bxc5 20. Red1 Rad8 21. g3
Bf8 22. Ba1 Rxd1+ 23. Rxd1 e4 24. Be2 Bb4 25. Na2 Be7 26. a5 Nc8 27. Bxf6 gxf6
28. Rd7 Nd6 29. Nc3 Kf8 30. Na4 Rd8 31. Rc7 Rc8 32. Rd7 Ke8 33. Nc5 Nb5 34.
Rxe7+ Kxe7 35. Nxb7 c5 36. Bc4 Rc7 37. Bxb5 Rxb7 38. Bxa6 Ra7 39. Bc4 Rxa5 40.
Kf1 Ra4 41. Bd5 Kd6 42. Bxf7 c4 43. Ke2 Kc5 44. Bg8 h6 45. Bh7 c3 46. Kd1 Kd5
47. Bg8+ Ke5 48. Kc2 Ra1 49. Kxc3 Rf1 50. f4+ exf3 51. Kd2 Rf2+ 52. Ke1 Rxh2
53. Bh7 f5 54. Kf1 Rg2 55. Bg8 Rxg3 56. Bb3 Rg2 57. Ba4 Ke4 58. Bd7 h5 0-1

[Event "XXXIV Festival A"]
[Site "Arco ITA"]
[Date "2012.10.20"]
[Round "8"]
[White "Bonade', Massimo"]
[Black "Ager, Josef"]
[WhiteElo "2086"]
[BlackElo "2193"]
[Result "0-1"]
[PlyCount "94"]
[EventDate "2012.10.13"]

1. d4 Nf6 2. c4 g6 3. Nc3 Bg7 4. e4 d6 5. Nf3 O-O 6. Be2 e5 7. Be3 Ng4 8. Bg5
f6 9. Bh4 Nc6 10. d5 Ne7 11. Nd2 Nh6 12. f3 c5 13. dxc6 bxc6 14. b4 Nf7 15. Nb3
Ng5 16. Bf2 Ne6 17. g3 f5 18. b5 c5 19. Bd3 Bh6 20. a4 a5 21. bxa6 Bxa6 22. Nb5
Nc6 23. O-O Qe7 24. Nc1 Ncd4 25. Na2 Ng5 26. Nxd4 exd4 27. exf5 gxf5 28. Re1
Qf7 29. f4 Ne4 30. Qc2 Bb7 31. Nc1 Rfe8 32. a5 Qd7 33. Qa4 Bc6 34. Qd1 Qf7 35.
Nb3 Ra6 36. Nd2 Qg6 37. Kf1 Bxf4 38. Bxe4 fxe4 39. gxf4 e3 40. Bg3 d3 41. Kg1
h5 42. f5 Qxf5 43. Nf1 e2 44. Qd2 Qf3 45. Qg5+ Kh7 46. Ne3 Rxe3 47. Qf4 Qg2#
0-1

[Event "XXXIV Festival A"]
[Site "Arco ITA"]
[Date "2012.10.20"]
[Round "8"]
[White "Bondielli, Giorgio"]
[Black "Simeone, Giulio"]
[WhiteElo "1849"]
[BlackElo "1928"]
[Result "0-1"]
[PlyCount "67"]
[EventDate "2012.10.13"]

1. e4 c6 2. d4 d5 3. Nc3 dxe4 4. Nxe4 Nf6 5. Nxf6+ exf6 6. Be3 Bd6 7. Qd2 Bf5
8. Bc4 O-O 9. Ne2 Re8 10. O-O Qc7 11. Bf4 Bxf4 12. Nxf4 Bxc2 13. Rac1 Bf5 14.
Rfd1 Nd7 15. d5 Nb6 16. Bb3 Rad8 17. g3 Bg4 18. Re1 Re7 19. Qa5 Nxd5 20. Nxd5
cxd5 21. Qa4 Rxe1+ 22. Rxe1 Qc8 23. Qxa7 Bf3 24. Qe3 Be4 25. f3 Bg6 26. Ba4 d4
27. Qf4 d3 28. Qe3 h5 29. Kg2 Qc7 30. Rc1 Qe5 31. Qxe5 fxe5 32. Rd1 Rd6 33. Kf2
Kf8 34. Ke3 0-1

[Event "XXXIV Festival A"]
[Site "Arco ITA"]
[Date "2012.10.20"]
[Round "8"]
[White "Bruno, Fabio"]
[Black "Astengo, Corrado"]
[WhiteElo "2416"]
[BlackElo "2119"]
[Result "1-0"]
[PlyCount "43"]
[EventDate "2012.10.13"]

1. d4 d5 2. Nf3 Nf6 3. c4 c6 4. e3 e6 5. b3 Nbd7 6. Bb2 Bd6 7. Nbd2 O-O 8. Bd3
b6 9. O-O Bb7 10. Ne5 c5 11. Qe2 Ne4 12. Rad1 Nxd2 13. Rxd2 cxd4 14. exd4 dxc4
15. bxc4 Nxe5 16. Bxh7+ Kh8 17. dxe5 Qg5 18. g3 Bb4 19. Rd7 Bc8 20. Bc1 Bxd7
21. Bxg5 Kxh7 22. Qd3+ 1-0

[Event "XXXIV Festival A"]
[Site "Arco ITA"]
[Date "2012.10.20"]
[Round "8"]
[White "Burani, Eugenio"]
[Black "Duruz, Noe"]
[WhiteElo "1863"]
[BlackElo "1930"]
[Result "0-1"]
[PlyCount "124"]
[EventDate "2012.10.13"]

1. e4 c5 2. Nf3 d6 3. d4 cxd4 4. Nxd4 Nf6 5. Nc3 Nc6 6. Be2 e5 7. Nb3 Be7 8.
Be3 Be6 9. O-O O-O 10. f4 d5 11. f5 Bxf5 12. exd5 Nd4 13. Nxd4 exd4 14. Bxd4
Bg6 15. Bf3 Bb4 16. a3 Bd6 17. Nb5 Be7 18. c4 a6 19. Nc3 Qc7 20. b3 Bd6 21. h3
Rfe8 22. Be2 Re7 23. b4 b6 24. Bd3 Bh2+ 25. Kh1 Nh5 26. Bf2 Ng3+ 27. Bxg3 Bxg3
28. Bxg6 hxg6 29. Qd4 Rc8 30. d6 Qxd6 31. Qxd6 Bxd6 32. Nd5 Rb7 33. Rac1 f6 34.
Rfe1 Kf7 35. Red1 Be5 36. c5 bxc5 37. Rxc5 Rxc5 38. bxc5 Rb5 39. Rc1 Bb2 40.
Re1 Rxc5 41. Nb4 a5 42. Nd3 Rc2 43. Nxb2 Rxb2 44. Re3 Rb5 45. h4 f5 46. Rd3 Re5
47. g3 a4 48. Kg2 Ke6 49. Kf3 Rb5 50. Kf4 Rb3 51. Re3+ Rxe3 52. Kxe3 Ke5 53.
Kf3 Kd4 54. Kf4 Kc3 55. Kg5 Kb3 56. Kxg6 Kxa3 57. Kxg7 Kb4 58. h5 a3 59. h6 a2
60. h7 a1=Q+ 61. Kg8 Qa8+ 62. Kg7 Qb7+ 0-1

[Event "XXXIV Festival A"]
[Site "Arco ITA"]
[Date "2012.10.20"]
[Round "8"]
[White "Castagna, Celestino"]
[Black "Schiappoli, Dario"]
[WhiteElo "1722"]
[BlackElo "1933"]
[Result "0-1"]
[PlyCount "80"]
[EventDate "2012.10.13"]

1. c4 e5 2. Nc3 Nf6 3. g3 d5 4. cxd5 Nxd5 5. Bg2 Be6 6. Nf3 Nc6 7. d3 f6 8. O-O
Qd7 9. Nxd5 Bxd5 10. Be3 g5 11. a3 h5 12. h4 gxh4 13. Nxh4 Bxg2 14. Kxg2 O-O-O
15. Qa4 Rg8 16. Rac1 Rg4 17. Rc4 f5 18. Rxg4 hxg4 19. Bg5 Re8 20. Rc1 Kb8 21.
Qc4 Bd6 22. Kf1 Qh7 23. f4 exf4 24. Bxf4 Qe7 25. Rc2 Ne5 26. Bxe5 Qxe5 27. Qf4
Qd5 28. Qf2 Rf8 29. Qg2 Qb3 30. Rd2 f4 31. Qe4 fxg3+ 32. Ke1 Qf7 33. Kd1 Qb3+
34. Rc2 a6 35. Nf5 g2 36. Qxg4 g1=Q+ 37. Qxg1 Rxf5 38. Qg6 Rf1+ 39. Kd2 Bf4+
40. e3 Rf2+ 0-1

[Event "XXXIV Festival A"]
[Site "Arco ITA"]
[Date "2012.10.20"]
[Round "8"]
[White "Catalfamo, Santo"]
[Black "Del Nevo, Claudio"]
[WhiteElo "1762"]
[BlackElo "1821"]
[Result "0-1"]
[PlyCount "74"]
[EventDate "2012.10.13"]

1. b3 d6 2. Bb2 Nf6 3. c4 g6 4. Nc3 Bg7 5. e3 O-O 6. Nf3 c6 7. Qc2 Na6 8. a3
Nc5 9. d4 Bf5 10. Qd1 Nce4 11. Nxe4 Nxe4 12. Bd3 c5 13. Qc2 d5 14. Nh4 Qa5+ 15.
Ke2 e6 16. cxd5 cxd4 17. Bxe4 Rac8 18. Qd3 Bxe4 19. Qxe4 d3+ 20. Qxd3 Bxb2 21.
Ra2 Rc3 22. Qe4 Qb5+ 23. Kf3 Qxb3 24. Qb1 Qxd5+ 25. Kg3 Bxa3 26. Rd1 Qg5+ 27.
Kh3 Rc4 28. f4 Qc5 29. Rd3 Bc1 30. Qb3 Rc8 31. Re2 Rc3 32. Rxc3 Qxc3 33. Qxb7
Bxe3 34. Nf3 Bxf4 35. g3 Rb8 36. Qe4 Rb3 37. Kg2 Be3 0-1

[Event "XXXIV Festival A"]
[Site "Arco ITA"]
[Date "2012.10.20"]
[Round "8"]
[White "Cautiero, Pietro"]
[Black "Borries, Barbara"]
[WhiteElo "1714"]
[BlackElo "1850"]
[Result "1-0"]
[PlyCount "73"]
[EventDate "2012.10.13"]

1. d4 Nf6 2. Nc3 d5 3. Bg5 e6 4. e4 dxe4 5. Nxe4 Be7 6. Bxf6 Bxf6 7. Nf3 Nc6 8.
c3 O-O 9. Bd3 Be7 10. O-O b6 11. Re1 Bb7 12. Qd2 h6 13. Rad1 Re8 14. g4 Qd5 15.
g5 hxg5 16. Nexg5 Bxg5 17. Nxg5 f5 18. Qf4 Nd8 19. f3 Qd7 20. Qh4 Nf7 21. Kf2
Nxg5 22. Qxg5 Qd5 23. Qg3 Kf7 24. Qxc7+ Re7 25. Qg3 Rg8 26. h4 Qxa2 27. Re2 Qd5
28. Rde1 Rh8 29. Re5 Qa2 30. Bxf5 Qxb2+ 31. R1e2 Qxc3 32. Bxe6+ Ke8 33. Bd7+
Kd8 34. Rxe7 Qxd4+ 35. Kg2 Bxf3+ 36. Qxf3 Qf6 37. Qa8+ 1-0

[Event "XXXIV Festival A"]
[Site "Arco ITA"]
[Date "2012.10.20"]
[Round "8"]
[White "Coolen, Marlo"]
[Black "Oppici, Gabriele"]
[WhiteElo "1873"]
[BlackElo "1961"]
[Result "1-0"]
[PlyCount "81"]
[EventDate "2012.10.13"]

1. e4 Nc6 2. Nf3 d6 3. d4 Nf6 4. Nc3 Bg4 5. Be2 e6 6. O-O Be7 7. Be3 d5 8. e5
Nd7 9. Nd2 Bxe2 10. Nxe2 f5 11. Nf4 Nf8 12. Nb3 Qd7 13. Nd3 b6 14. c3 Ng6 15.
f4 Nd8 16. a3 Nb7 17. Rc1 Rc8 18. Nd2 c5 19. Qh5 Qb5 20. c4 Qa6 21. Nf3 dxc4
22. Nf2 cxd4 23. Nxd4 Nc5 24. g4 fxg4 25. Nxe6 Nxe6 26. f5 O-O 27. fxg6 hxg6
28. Qxg6 Nf4 29. Qxg4 g5 30. Ne4 Ng6 31. Nxg5 Rc6 32. Ne6 Rxe6 33. Qxe6+ Kg7
34. Rxf8 Bxf8 35. Qf6+ Kh7 36. Qf7+ Bg7 37. Bd4 Qb5 38. Re1 Kh6 39. Re3 Qa4 40.
Rh3+ Kg5 41. Be3+ 1-0

[Event "XXXIV Festival A"]
[Site "Arco ITA"]
[Date "2012.10.20"]
[Round "8"]
[White "De Eccher, Stefano"]
[Black "Bonagura, Stefano"]
[WhiteElo "2230"]
[BlackElo "2172"]
[Result "1-0"]
[PlyCount "93"]
[EventDate "2012.10.13"]

1. e4 c6 2. d4 d5 3. Nc3 g6 4. f3 Bg7 5. Be3 e6 6. Qd2 b6 7. O-O-O Ba6 8. Bxa6
Nxa6 9. Nge2 Qd7 10. Kb1 Ne7 11. Bh6 Bxh6 12. Qxh6 O-O-O 13. h4 Nc7 14. h5 c5
15. dxc5 bxc5 16. exd5 exd5 17. Qf4 Ne6 18. Qe5 d4 19. hxg6 fxg6 20. Nf4 Nxf4
21. Qxf4 Qc7 22. Qxc7+ Kxc7 23. Ne4 Kc6 24. Ng5 Rb8 25. Rde1 Nd5 26. Re6+ Kd7
27. Ra6 Rb7 28. Nf7 Re8 29. Nd6 Nc7 30. Rxh7+ Re7 31. Rxe7+ Kxe7 32. Rxa7 Rxa7
33. Nc8+ Ke6 34. Nxa7 Kf5 35. g3 g5 36. a4 g4 37. fxg4+ Kxg4 38. Ka2 Kxg3 39.
Kb3 Kf3 40. Nb5 Na6 41. Kc4 Ke3 42. Na3 Ke4 43. Kb5 Nb4 44. Kxc5 Nxc2 45. Nxc2
d3 46. Nb4 d2 47. Na2 1-0

[Event "XXXIV Festival A"]
[Site "Arco ITA"]
[Date "2012.10.20"]
[Round "8"]
[White "De Nisi, Giuseppe"]
[Black "Buglisi, Massimo"]
[WhiteElo "1816"]
[BlackElo "1922"]
[Result "0-1"]
[PlyCount "116"]
[EventDate "2012.10.13"]

1. d4 d6 2. c4 Nf6 3. Nc3 g6 4. e4 Bg7 5. Bd3 O-O 6. Nge2 e5 7. d5 a5 8. f4
exf4 9. Bxf4 Nfd7 10. O-O Ne5 11. Rb1 Na6 12. Bxe5 Bxe5 13. a3 Qh4 14. g3 Qg5
15. Qc1 Qh5 16. Nf4 Bd4+ 17. Kh1 Qe5 18. Nce2 Nc5 19. Nxd4 Qxd4 20. Qc3 Qxc3
21. bxc3 g5 22. Bc2 gxf4 23. Rxf4 Nd7 24. Rbf1 Ne5 25. Bd1 Bh3 26. Rg1 Nd3 27.
Rf3 Ne5 28. Rf4 Nxc4 29. g4 Ne3 30. Be2 Bg2+ 31. Rxg2 Nxg2 32. Kxg2 Rae8 33. h4
Re5 34. h5 h6 35. Kg3 Kg7 36. Bd3 c5 37. Bb5 c4 38. Bd7 Re7 39. Bf5 b5 40. Rf2
Rb8 41. Rb2 Reb7 42. Kf3 b4 43. axb4 axb4 44. cxb4 Rxb4 45. Rc2 Kf6 46. Ke3 Ke5
47. g5 hxg5 48. h6 Rb3+ 49. Ke2 c3 50. h7 Rb2 51. Kd3 Rxc2 52. Kxc2 Kd4 53. Kc1
Rh8 54. Kd1 g4 55. Bxg4 Rxh7 56. Bf5 Rh2 57. Kc1 Kc4 58. Kd1 c2+ 0-1

[Event "XXXIV Festival A"]
[Site "Arco ITA"]
[Date "2012.10.20"]
[Round "8"]
[White "De Nisi, Roberta"]
[Black "Popa, Claudiu"]
[WhiteElo "1926"]
[BlackElo "2139"]
[Result "0-1"]
[PlyCount "130"]
[EventDate "2012.10.13"]

1. d4 d5 2. c4 dxc4 3. e4 e5 4. Nf3 exd4 5. Qxd4 Qxd4 6. Nxd4 a6 7. Bxc4 c5 8.
Ne2 Nc6 9. Nbc3 Bd6 10. O-O Nge7 11. f4 f6 12. Be3 Na5 13. Bd3 c4 14. Bc2 b5
15. Rad1 Nb7 16. Rd2 Bc5 17. Bxc5 Nxc5 18. Rfd1 O-O 19. Rd8 Bg4 20. Rxa8 Rxa8
21. Kf2 Rc8 22. Nd5 Kf7 23. Nxe7 Kxe7 24. h3 Bh5 25. g4 Bg6 26. f5 Bf7 27. Nf4
Nd7 28. h4 h6 29. Nd5+ Bxd5 30. Rxd5 Rc5 31. Rxc5 Nxc5 32. Ke3 Kd6 33. Kd4 Nd7
34. Bd1 Ne5 35. Be2 Nc6+ 36. Ke3 Kc5 37. a3 Ne5 38. Bd1 Nd3 39. b3 a5 40. bxc4
bxc4 41. Be2 Ne5 42. Bd1 Nc6 43. Be2 Nd4 44. Bd1 Nb5 45. a4 Nd4 46. Kd2 Kb4 47.
Ke3 Nc6 48. Kd2 c3+ 49. Kd3 Ne5+ 50. Kd4 Nxg4 51. Bc2 Ne5 52. Ke3 Nc4+ 53. Kd4
Na3 54. Kd3 Nxc2 55. Kxc2 Kc4 56. h5 Kd4 57. Kc1 Kxe4 58. Kc2 Kd4 59. Kc1 Kc4
60. Kc2 Kb4 61. Kc1 Kxa4 62. Kc2 Kb4 63. Kc1 Kb3 64. Kb1 c2+ 65. Kc1 a4 0-1

[Event "XXXIV Festival A"]
[Site "Arco ITA"]
[Date "2012.10.20"]
[Round "8"]
[White "De Santis, Alessio"]
[Black "Valenti, Giuseppe"]
[WhiteElo "2294"]
[BlackElo "2162"]
[Result "1-0"]
[PlyCount "109"]
[EventDate "2012.10.13"]

1. Nf3 c5 2. g3 b6 3. Bg2 Bb7 4. O-O Nf6 5. c4 e6 6. b3 Be7 7. Bb2 d6 8. Nc3 a6
9. d4 cxd4 10. Nxd4 Qc7 11. e4 Nc6 12. Rc1 Nxd4 13. Qxd4 Rb8 14. Ba3 O-O 15.
Rfd1 Rfd8 16. h3 Ba8 17. Kh2 h6 18. f4 Ne8 19. Qf2 Bf6 20. Ne2 Bc6 21. Nd4 Ba8
22. Bb4 Bb7 23. a4 Be7 24. Qe1 a5 25. Nb5 Qc8 26. Ba3 Rd7 27. Rd3 Bc6 28. Nd4
Ba8 29. Rcd1 Qb7 30. Nb5 Rbd8 31. Qd2 Qb8 32. e5 Bf8 33. Bxd6 Nxd6 34. Nxd6
Bxg2 35. Qxg2 Bxd6 36. Qc6 Rc7 37. Rxd6 Rdc8 38. Qe4 Rc5 39. Qd3 Rf8 40. Qe4
Qc8 41. R1d4 Qb8 42. h4 Rc7 43. h5 Rc5 44. g4 Rcc8 45. g5 hxg5 46. fxg5 Qc7 47.
h6 Rfd8 48. hxg7 Rxd6 49. Qh4 Kxg7 50. Qh6+ Kg8 51. exd6 Qc5 52. Qf6 Qa3 53. d7
Qb2+ 54. Kg3 Qc3+ 55. Kg4 1-0

[Event "XXXIV Festival A"]
[Site "Arco ITA"]
[Date "2012.10.20"]
[Round "8"]
[White "De Simone Sorrentino, Fabio"]
[Black "Bruno, Elio"]
[WhiteElo "1703"]
[BlackElo "1618"]
[Result "0-1"]
[PlyCount "65"]
[EventDate "2012.10.13"]

1. e4 c5 2. Nf3 d6 3. Bb5+ Nd7 4. O-O a6 5. Bxd7+ Bxd7 6. e5 e6 7. d3 h6 8. Bf4
g5 9. Bg3 h5 10. exd6 h4 11. Be5 f6 12. Bc3 Bxd6 13. Nxg5 Qc7 14. Nf3 O-O-O 15.
Nbd2 h3 16. g3 e5 17. Nc4 b6 18. Qe2 Bc6 19. a4 a5 20. Ra3 Qb7 21. Ncd2 Nh6 22.
Ne4 Be7 23. Nfd2 f5 24. Rb3 Bxa4 25. Ra3 Bxc2 26. Qh5 fxe4 27. Qxh3+ Qd7 28.
Qxd7+ Rxd7 29. Bxe5 Rh7 30. Nxe4 Bxd3 31. Re1 Ng4 32. f4 Rxh2 33. b3 0-1

[Event "XXXIV Festival A"]
[Site "Arco ITA"]
[Date "2012.10.20"]
[Round "8"]
[White "Di Lazzaro, Gabriele"]
[Black "Casagrande, Fabio"]
[WhiteElo "1888"]
[BlackElo "1981"]
[Result "0-1"]
[PlyCount "84"]
[EventDate "2012.10.13"]

1. d4 Nf6 2. Nc3 d5 3. Bg5 e6 4. e4 dxe4 5. Nxe4 Be7 6. Bxf6 gxf6 7. Nf3 f5 8.
Ned2 c5 9. Nb3 cxd4 10. Qxd4 Qxd4 11. Nbxd4 a6 12. O-O-O b5 13. Be2 Bb7 14.
Rhe1 O-O 15. Kb1 Bf6 16. Bf1 Rd8 17. Rd2 Nc6 18. Nxc6 Rxd2 19. Nxd2 Bxc6 20. f4
Rd8 21. Bd3 Rd4 22. g3 Rd6 23. Nf1 Bd4 24. Nd2 Bb6 25. a3 Bd5 26. Rd1 Be3 27.
Be2 Bxd2 28. c4 Be4+ 29. Ka2 bxc4 30. Bxc4 Bc2 31. Rf1 Bd3 32. Bxd3 Rxd3 33.
Rd1 Rd6 34. Kb1 Bxf4 35. Rf1 Bh6 36. Rf3 Kg7 37. Rb3 Kg6 38. h3 e5 39. Kc2 e4
40. Rc3 e3 41. Rc5 e2 42. Re5 Re6 0-1

[Event "XXXIV Festival A"]
[Site "Arco ITA"]
[Date "2012.10.20"]
[Round "8"]
[White "Ebeling, Jens"]
[Black "Zucchelli, Massimo"]
[WhiteElo "2011"]
[BlackElo "2176"]
[Result "0-1"]
[PlyCount "72"]
[EventDate "2012.10.13"]

1. e4 e6 2. d3 d5 3. Nd2 Nf6 4. Ngf3 Nc6 5. g3 dxe4 6. dxe4 e5 7. Bg2 Bc5 8.
O-O O-O 9. h3 a5 10. Qe2 b6 11. Nb3 Bd6 12. Rd1 a4 13. Nbd2 Qe7 14. c3 Ba6 15.
Nc4 Na5 16. Nfd2 Bc5 17. Bf1 Qe6 18. b4 axb3 19. axb3 Nxc4 20. Rxa6 Rxa6 21.
Nxc4 Raa8 22. b4 Be7 23. Qf3 b5 24. Ne3 c6 25. Nf5 Rfd8 26. Re1 Ra1 27. g4 Bf8
28. g5 Ne8 29. h4 Qb3 30. Qg3 g6 31. Nh6+ Bxh6 32. gxh6 f6 33. h5 Rd1 34. Rxd1
Qxd1 35. Qh3 Rxc1 36. Qe6+ Kf8 0-1